Score 0/7 Timer 03:00
0 Plays Today
Year Book % Correct
1991American Psycho
98.9%
1985Less than Zero
92.8%
1998Glamorama
85.1%
1987The Rules of Attraction
84.9%
2005Lunar Park
77.2%
1994The Informers
71.1%
2010Imperial Bedrooms
59.7%

You're not logged in!

Compare scores with friends on all Sporcle quizzes.
OR
Log In

Sporcle TV

Today on Sporcle TV


Watch our educational content, quiz creation guides, and fun videos on Sporcle TV.

Show Comments

Extras

Top Quizzes Today


Score Distribution

Paid Content

Your Account Isn't Verified!

In order to create a playlist on Sporcle, you need to verify the email address you used during registration. Go to your Sporcle Settings to finish the process.

Report this User

Report this user for behavior that violates our Community Guidelines.

Details: